[Event "C.to Provinciale BS"]
[Site "Provaglio d'Iseo ITA"]
[Date "2012.03.23"]
[Round "4"]
[White "Massetti, Euro"]
[Black "Barucco, Mattia"]
[WhiteElo "1898"]
[BlackElo "1979"]
[Result "0-1"]
[PlyCount "94"]
[EventDate "2012.03.02"]

1. c4 e5 2. Nc3 Nc6 3. e3 Nf6 4. g3 d5 5. cxd5 Nxd5 6. Bg2 Ndb4 7. Be4 Nd3+ 8.
Bxd3 Qxd3 9. Qe2 Qxe2+ 10. Kxe2 Be6 11. a3 O-O-O 12. d3 Bb3 13. Nf3 Be7 14. Bd2
Rd7 15. Rac1 Rhd8 16. Ne1 Bc4 17. b4 Bxd3+ 18. Nxd3 Rxd3 19. Rc2 a6 20. Rhc1
Kb8 21. e4 R3d7 22. Be3 Nd4+ 23. Bxd4 exd4 24. Nd5 d3+ 25. Kxd3 c6 26. Kd4 cxd5
27. e5 a5 28. bxa5 Bxa3 29. Ra1 Be7 30. Rac1 Bb4 31. Ra1 Rc7 32. Rxc7 Kxc7 33.
Ra4 Be1 34. f4 Bf2+ 35. Kd3 Kc6 36. Ra2 Bc5 37. g4 Ra8 38. f5 b5 39. g5 b4 40.
Kc2 Kb5 41. h4 Bd4 42. e6 fxe6 43. fxe6 Kc4 44. Ra4 Bc5 45. Ra1 b3+ 46. Kb1 Kc3
47. a6 Rf8 0-1

[Event "C.to Provinciale BS"]
[Site "Provaglio d'Iseo ITA"]
[Date "2012.03.23"]
[Round "4"]
[White "Panada, Valter"]
[Black "Cristiani, Cesare"]
[WhiteElo "1880"]
[BlackElo "2121"]
[Result "0-1"]
[PlyCount "124"]
[EventDate "2012.03.02"]

1. e4 Nf6 2. e5 Nd5 3. d4 d6 4. c4 Nb6 5. f4 dxe5 6. fxe5 c5 7. d5 e6 8. Nc3
Qh4+ 9. g3 Qd4 10. Nf3 Qxd1+ 11. Kxd1 exd5 12. cxd5 Bg4 13. Bb5+ N8d7 14. Rf1
O-O-O 15. Ke1 Bxf3 16. e6 fxe6 17. Bxd7+ Rxd7 18. Rxf3 exd5 19. Bf4 Bd6 20. Rc1
Kb8 21. b3 Bxf4 22. Rxf4 Re8+ 23. Kd2 Rde7 24. Rcf1 a6 25. R1f2 d4 26. Nd1 Nd7
27. Rf7 Nf6 28. Rxe7 Rxe7 29. Rf4 Re6 30. Nf2 b6 31. Nd3 Kc7 32. Nf2 Kc6 33.
Rf5 Ne4+ 34. Nxe4 Rxe4 35. Rf7 Rg4 36. Ke2 b5 37. Kf3 Rg6 38. Ra7 Kd5 39. Rd7+
Ke5 40. Re7+ Kd5 41. Rd7+ Kc6 42. Ra7 Kb6 43. Rd7 Ka5 44. a3 h6 45. h4 Rf6+ 46.
Ke4 g6 47. g4 Rf1 48. Kd5 Rf3 49. Kxc5 Rxb3 50. Rxd4 Rxa3 51. Rd6 Rc3+ 52. Kd4
Rh3 53. Rxg6 Rxh4 54. Kc3 h5 55. gxh5 Rxh5 56. Kb3 b4 57. Rg8 Rh3+ 58. Kb2 Ka4
59. Rg4 Rh2+ 60. Kb1 a5 61. Rg3 Rh5 62. Rg8 Ka3 0-1

[Event "C.to Provinciale BS"]
[Site "Provaglio d'Iseo ITA"]
[Date "2012.03.23"]
[Round "4"]
[White "Sbernini, Daniele"]
[Black "Conti, Ferdinando"]
[WhiteElo "1635"]
[BlackElo "1788"]
[Result "1/2-1/2"]
[PlyCount "57"]
[EventDate "2012.03.02"]

1. d4 Nf6 2. c4 c5 3. e3 e6 4. Nf3 cxd4 5. exd4 Be7 6. Bd3 d5 7. O-O O-O 8. b3
Nc6 9. Bb2 a6 10. Nbd2 b6 11. Rc1 Bb7 12. Qe2 a5 13. a3 Rc8 14. Bb1 Ba6 15. Qe3
g6 16. Rfd1 Nd7 17. Nf1 Bf6 18. Qe2 Bg7 19. h4 Nf6 20. Bd3 Na7 21. c5 Bxd3 22.
Qxd3 Nd7 23. b4 axb4 24. axb4 bxc5 25. Qa6 Ra8 26. bxc5 Nb8 27. Qe2 Qd7 28. Ng3
h5 29. Ra1 1/2-1/2

[Event "C.to Provinciale BS"]
[Site "Provaglio d'Iseo ITA"]
[Date "2012.03.23"]
[Round "4"]
[White "Schaberg, Wolfgang"]
[Black "Dieli, Riccardo"]
[WhiteElo "1886"]
[BlackElo "1861"]
[Result "1/2-1/2"]
[PlyCount "63"]
[EventDate "2012.03.02"]

1. e4 c5 2. Nf3 Nc6 3. d4 cxd4 4. Nxd4 d6 5. c4 g6 6. Nc3 Bg7 7. Be3 Nf6 8. Be2
O-O 9. O-O a6 10. Qd2 Re8 11. Rab1 Ng4 12. Bxg4 Bxg4 13. Nd5 Nxd4 14. Bxd4 Bxd4
15. Qxd4 Rc8 16. f4 Be2 17. Rfc1 e5 18. fxe5 dxe5 19. Qe3 Bxc4 20. Nb6 Be6 21.
Nxc8 Bxc8 22. Rc3 Qd4 23. Rbc1 Bd7 24. Rd3 Qxe3+ 25. Rxe3 Bc6 26. Rd1 Re6 27.
Kf2 Kg7 28. g4 Rf6+ 29. Rf3 Bxe4 30. Rxf6 Kxf6 31. Ke3 Bc6 32. Rf1+ 1/2-1/2

[Event "C.to Provinciale BS"]
[Site "Provaglio d'Iseo ITA"]
[Date "2012.03.23"]
[Round "4"]
[White "Vagliati, Massimo"]
[Black "De Bellis, Aldo"]
[WhiteElo "1732"]
[BlackElo "1687"]
[Result "1-0"]
[PlyCount "64"]
[EventDate "2012.03.02"]

1. d4 d5 2. c4 e6 3. Nc3 c6 4. e3 Nf6 5. Bd3 Nbd7 6. cxd5 exd5 7. Nf3 a6 8. Qe2
Bb4 9. O-O O-O 10. a3 Bxc3 11. bxc3 Re8 12. Nd2 Nf8 13. f3 Ng6 14. Qf2 Qc7 15.
Re1 Be6 16. Nf1 c5 17. Bd2 b5 18. Ng3 c4 19. Bc2 Bd7 20. e4 Be6 21. e5 Nd7 22.
f4 f6 23. exf6 Bf7 24. fxg7 Ne7 25. f5 Nf6 26. Bf4 Qd7 27. Be5 Qc6 28. Qf4 Nh5
29. Nxh5 Bxh5 30. Re3 Bf7 31. Rh3 Ng6 32. Qh6 Nf8 1-0

[Event "C.to Provinciale BS"]
[Site "Provaglio d'Iseo ITA"]
[Date "2012.03.23"]
[Round "4"]
[White "Zorzi, Aristide"]
[Black "Bettoni, Davide"]
[WhiteElo "1765"]
[BlackElo "1593"]
[Result "1-0"]
[PlyCount "43"]
[EventDate "2012.03.02"]

1. e4 e5 2. Nf3 Nc6 3. Bb5 Nf6 4. O-O Bc5 5. c3 a6 6. Ba4 O-O 7. Re1 Ba7 8. d4
Re8 9. d5 Na5 10. Bg5 b5 11. Bc2 d6 12. h3 h6 13. Bh4 c5 14. Nbd2 Rb8 15. Nf1
Nc4 16. b3 Nb6 17. Ne3 Nbd7 18. g4 Qa5 19. Nf5 Rb7 20. Qd2 Nh7 21. Ne7+ Kf8 22.
Nc6 1-0

[Event "C.to Provinciale BS"]
[Site "Provaglio d'Iseo ITA"]
[Date "2012.03.30"]
[Round "5"]
[White "Barucco, Mattia"]
[Black "Cristiani, Cesare"]
[WhiteElo "1979"]
[BlackElo "2121"]
[Result "0-1"]
[PlyCount "82"]
[EventDate "2012.03.02"]

1. Nf3 Nf6 2. d4 e6 3. e3 c5 4. b3 Nc6 5. Bb2 d5 6. Bd3 Be7 7. Nbd2 O-O 8. a3
Qb6 9. Rb1 Rd8 10. O-O Bd7 11. Qe2 Be8 12. Kh1 Rac8 13. Ne5 a6 14. Ndf3 Ne4 15.
Nxc6 Qxc6 16. Ne5 Qc7 17. f3 Nf6 18. f4 Ne4 19. Rbc1 f6 20. Nf3 Qb6 21. Rb1 Bh5
22. Qe1 f5 23. Ne5 Qc7 24. c4 Bf6 25. Bxe4 dxe4 26. dxc5 Qxc5 27. b4 Qe7 28. c5
Rd5 29. Bd4 Rcd8 30. Qc3 Bxe5 31. Bxe5 Rd3 32. Qc1 Rd1 33. Qb2 R8d2 34. Qa1
Rxb1 35. Rxb1 Qh4 36. Bc3 Rxg2 37. Kxg2 Qg4+ 38. Kf1 Qf3+ 39. Kg1 Qxe3+ 40. Kg2
Bf3+ 41. Kg3 Bh1+ 0-1

[Event "C.to Provinciale BS"]
[Site "Provaglio d'Iseo ITA"]
[Date "2012.03.30"]
[Round "5"]
[White "Bettoni, Davide"]
[Black "Sbernini, Daniele"]
[WhiteElo "1593"]
[BlackElo "1635"]
[Result "1/2-1/2"]
[PlyCount "73"]
[EventDate "2012.03.02"]

1. d4 d5 2. c4 e6 3. Nc3 Nf6 4. Nf3 c5 5. e3 Nc6 6. Be2 Be7 7. O-O O-O 8. a3
dxc4 9. Bxc4 cxd4 10. Nxd4 Nxd4 11. Qxd4 Qxd4 12. exd4 Rd8 13. Rd1 a6 14. Bf4
b5 15. Bb3 Bb7 16. Bg5 h6 17. Bh4 Rd7 18. Ne2 Rad8 19. Rac1 g5 20. Bg3 Nd5 21.
Be5 f6 22. Bg3 Bd6 23. Rd3 Kg7 24. Re1 Bxg3 25. Rxg3 Rd6 26. f4 Ne7 27. fxg5
hxg5 28. Nf4 Nf5 29. Nxe6+ Rxe6 30. Rxe6 Nxg3 31. hxg3 Rd7 32. Kf2 Kg6 33. Ke3
Kf5 34. Re8 Rd6 35. Bc2+ Kg4 36. Bd1+ Kxg3 37. Bf3 1/2-1/2

[Event "C.to Provinciale BS"]
[Site "Provaglio d'Iseo ITA"]
[Date "2012.03.30"]
[Round "5"]
[White "Bosio, Devis"]
[Black "Massetti, Euro"]
[WhiteElo "2066"]
[BlackElo "1898"]
[Result "1-0"]
[PlyCount "77"]
[EventDate "2012.03.02"]

1. e4 c5 2. c3 Nc6 3. d4 e6 4. d5 exd5 5. exd5 Ne5 6. Nf3 Nxf3+ 7. Qxf3 d6 8.
Bb5+ Bd7 9. Bxd7+ Qxd7 10. O-O Nf6 11. Re1+ Be7 12. c4 O-O 13. Bg5 h6 14. Bf4
Nh7 15. Nc3 Bg5 16. Ne4 Bxf4 17. Qxf4 Rad8 18. Re2 f5 19. Nc3 Rde8 20. Rae1
Rxe2 21. Rxe2 Rf6 22. Qe3 a6 23. f4 g5 24. fxg5 hxg5 25. a4 b6 26. b3 Kg7 27.
g3 f4 28. Qe7+ Rf7 29. Qxd7 Rxd7 30. gxf4 gxf4 31. Ne4 Kg6 32. Kg2 Kf5 33. Kf3
Nf8 34. Rg2 Nh7 35. Rg4 Re7 36. Rxf4+ Ke5 37. Ke3 Rg7 38. Nf2 Ng5 39. Nd3# 1-0

[Event "C.to Provinciale BS"]
[Site "Provaglio d'Iseo ITA"]
[Date "2012.03.30"]
[Round "5"]
[White "Cattaneo, Ugo"]
[Black "Panada, Valter"]
[WhiteElo "1827"]
[BlackElo "1880"]
[Result "1-0"]
[PlyCount "79"]
[EventDate "2012.03.02"]

1. e4 e5 2. Nf3 Nc6 3. Bc4 Nf6 4. Nc3 Be7 5. d3 O-O 6. O-O d6 7. h3 Na5 8. Bb3
Nxb3 9. axb3 c6 10. Ne2 Qc7 11. Ng3 d5 12. exd5 cxd5 13. Re1 Bd6 14. Nf1 Be6
15. Ra4 Nd7 16. Ng5 Nb6 17. Nxh7 Bf5 18. Rh4 Be7 19. Qh5 Bxh4 20. Qxf5 g6 21.
Qg4 Bxf2+ 22. Kxf2 Kxh7 23. Qh4+ Kg8 24. Bh6 Qd8 25. Qg3 Qf6+ 26. Kg1 Rfe8 27.
Ne3 e4 28. Ng4 Qe6 29. dxe4 f5 30. Qc3 Re7 31. Nf6+ Kh8 32. Nxd5+ Kh7 33. Nxe7
Qxe7 34. exf5 Qf7 35. fxg6+ Qxg6 36. Bd2 Nd5 37. Qd4 Nf6 38. Re7+ Kg8 39. Bc3
Rf8 40. Re6 1-0

[Event "C.to Provinciale BS"]
[Site "Provaglio d'Iseo ITA"]
[Date "2012.03.30"]
[Round "5"]
[White "Conti, Ferdinando"]
[Black "Zorzi, Aristide"]
[WhiteElo "1788"]
[BlackElo "1765"]
[Result "1/2-1/2"]
[PlyCount "55"]
[EventDate "2012.03.02"]

1. Nf3 d5 2. b4 e6 3. Bb2 Nf6 4. b5 c5 5. e3 Bd6 6. c4 b6 7. a4 Bb7 8. d3 Nbd7
9. Be2 Qc7 10. O-O O-O 11. Nbd2 Rad8 12. Rc1 dxc4 13. Nxc4 Bxf3 14. Bxf3 Bxh2+
15. Kh1 Bd6 16. Bc6 Be7 17. Qf3 Bd6 18. d4 cxd4 19. Bxd7 Qxd7 20. Bxd4 Nd5 21.
Qg4 f6 22. e4 f5 23. Qxg7+ Qxg7 24. Bxg7 Kxg7 25. exd5 Bf4 26. dxe6 Rf6 27. e7
Rh6+ 28. Kg1 1/2-1/2

[Event "C.to Provinciale BS"]
[Site "Provaglio d'Iseo ITA"]
[Date "2012.03.30"]
[Round "5"]
[White "Frugoni, Giulio"]
[Black "Brugaletta, Giorgio"]
[WhiteElo "1641"]
[BlackElo "1696"]
[Result "1-0"]
[PlyCount "60"]
[EventDate "2012.03.02"]

1. e4 e6 2. d4 d5 3. e5 c5 4. Bb5+ Nc6 5. Bxc6+ bxc6 6. c3 Qb6 7. Ne2 Ne7 8.
O-O Ba6 9. Re1 Nf5 10. Ng3 Nxg3 11. hxg3 cxd4 12. cxd4 Bb4 13. Re3 O-O 14. a3
Be7 15. b4 Bc4 16. Nc3 a5 17. bxa5 Qxa5 18. a4 Rfb8 19. Ba3 Bxa3 20. Rxa3 Rb2
21. g4 Qb4 22. Ra1 h6 23. g5 Bb3 24. Qg4 hxg5 25. Rh3 g6 26. Qf3 Qe7 27. Rh6
Qf8 28. Qh3 Qg7 29. g4 Bc4 30. Kg2 Bd3 1-0

[Event "C.to Provinciale BS"]
[Site "Provaglio d'Iseo ITA"]
[Date "2012.03.30"]
[Round "5"]
[White "Ghidinelli, Giorgio"]
[Black "Dieli, Riccardo"]
[WhiteElo "1885"]
[BlackElo "1861"]
[Result "1/2-1/2"]
[PlyCount "85"]
[EventDate "2012.03.02"]

1. d4 Nf6 2. Bg5 c5 3. c3 b6 4. Bxf6 exf6 5. e4 Be7 6. Nf3 O-O 7. Bd3 Bb7 8.
O-O Nc6 9. Re1 Re8 10. Nbd2 Qc7 11. Nf1 Rad8 12. Ne3 Bf8 13. Nd5 Qb8 14. Qc2
Ne7 15. dxc5 Nxd5 16. exd5 Bxd5 17. Bxh7+ Kh8 18. Be4 Bxe4 19. Rxe4 Rxe4 20.
Qxe4 bxc5 21. b3 g6 22. Qd5 Kg7 23. Rd1 Qc7 24. g3 d6 25. Re1 Qa5 26. b4 Qa4
27. Re3 cxb4 28. cxb4 Qxb4 29. Rb3 Qc5 30. Qd4 Qxd4 31. Nxd4 Rd7 32. Kf1 d5 33.
Rb5 f5 34. Ke2 Kf6 35. f4 Ke7 36. Ra5 Kd6 37. a4 Bg7 38. Kd3 Bxd4 39. Kxd4 Kc6
40. Ra6+ Kb7 41. Rf6 Kc7 42. Ra6 Kb7 43. Rf6 1/2-1/2

[Event "C.to Provinciale BS"]
[Site "Provaglio d'Iseo ITA"]
[Date "2012.03.30"]
[Round "5"]
[White "Onger, Nicola"]
[Black "Vagliati, Massimo"]
[WhiteElo "1748"]
[BlackElo "1732"]
[Result "1/2-1/2"]
[PlyCount "94"]
[EventDate "2012.03.02"]

1. e4 c5 2. c3 e6 3. d4 Nc6 4. Nf3 cxd4 5. cxd4 d5 6. exd5 exd5 7. Be2 Nf6 8.
O-O Bd6 9. Nc3 h6 10. Qb3 O-O 11. h3 a6 12. Be3 Na5 13. Qc2 Re8 14. Rac1 b5 15.
Rfd1 Bb7 16. Qd2 Nc4 17. Bxc4 dxc4 18. Nh2 Qd7 19. Bf4 Rad8 20. a3 Ne4 21. Nxe4
Rxe4 22. Bxd6 Qxd6 23. Nf3 Qd5 24. Rc3 Rde8 25. Re3 f6 26. Rde1 g5 27. Qe2 Kf7
28. Rxe4 Rxe4 29. Qxe4 Qxe4 30. Rxe4 Bxe4 31. Ne1 Ke6 32. f3 Bb1 33. Kf2 Kd5
34. Ke3 h5 35. g3 f5 36. Ng2 a5 37. h4 b4 38. axb4 axb4 39. hxg5 c3 40. Nf4+
Kd6 41. bxc3 b3 42. Nd3 f4+ 43. gxf4 h4 44. Nb2 h3 45. Kf2 Kd5 46. Kg3 Bf5 47.
g6 Ke6 1/2-1/2

[Event "C.to Provinciale BS"]
[Site "Provaglio d'Iseo ITA"]
[Date "2012.03.30"]
[Round "5"]
[White "Schaberg, Wolfgang"]
[Black "Dieli, Alberto"]
[WhiteElo "1886"]
[BlackElo "1947"]
[Result "1/2-1/2"]
[PlyCount "85"]
[EventDate "2012.03.02"]

1. c4 g6 2. Nc3 Nf6 3. Nf3 c5 4. g3 Bg7 5. Bg2 O-O 6. O-O Nc6 7. a3 d6 8. d3
Bg4 9. Rb1 Qd7 10. Re1 Nh5 11. Nd5 e6 12. Ne3 f5 13. Ng5 Nf6 14. b4 h6 15. Nxg4
fxg4 16. Ne4 Nxe4 17. Bxe4 Qf7 18. Rf1 d5 19. cxd5 exd5 20. Bg2 cxb4 21. axb4
Rae8 22. b5 Nd4 23. Be3 h5 24. Bxd4 Bxd4 25. e3 Bb6 26. d4 Rc8 27. Qd3 Rc7 28.
Qa3 Rfc8 29. Rbc1 Rxc1 30. Rxc1 Rd8 31. h3 Qe6 32. hxg4 hxg4 33. Kf1 Kg7 34.
Ke2 Qf6 35. Qb3 Rf8 36. Rf1 Rd8 37. Qb2 Qf5 38. Qb3 Rd6 39. Qa2 Qe6 40. Rd1 Qd7
41. Qb3 Qf5 42. Qa2 Rf6 43. Rf1 1/2-1/2

[Event "C.to Provinciale BS"]
[Site "Provaglio d'Iseo ITA"]
[Date "2012.04.06"]
[Round "6"]
[White "Cristiani, Cesare"]
[Black "Bosio, Devis"]
[WhiteElo "2121"]
[BlackElo "2066"]
[Result "1-0"]
[PlyCount "169"]
[EventDate "2012.03.02"]

1. c4 Nf6 2. Nf3 g6 3. Nc3 Bg7 4. g3 d6 5. Bg2 O-O 6. O-O c5 7. d4 Nc6 8. dxc5
dxc5 9. Be3 Be6 10. Qa4 Nd4 11. Rfd1 Bd7 12. Qa3 Nc2 13. Qxc5 b6 14. Qg5 Nxa1
15. Ne5 Rc8 16. Nxd7 Nxd7 17. Qb5 Qc7 18. Rxa1 Nf6 19. b3 Rfd8 20. Rc1 e6 21.
h3 Ne8 22. Qg5 Nd6 23. Bf4 f6 24. Qg4 Qe7 25. e4 f5 26. exf5 exf5 27. Nd5 Qe8
28. Qh4 Ne4 29. Bxe4 Qxe4 30. Ne7+ Kf7 31. Nxc8 Rxc8 32. Bg5 Qxh4 33. Bxh4 Rc7
34. Rd1 Ke6 35. Bg5 Bf8 36. Bf4 Rb7 37. Kf1 b5 38. cxb5 Rxb5 39. Rd8 Bc5 40.
Ke2 Rb7 41. Rc8 Bb6 42. Be3 Bxe3 43. Kxe3 Rd7 44. Rc4 Rb7 45. Kd3 Kd6 46. Kd4
Re7 47. Rc2 Rb7 48. Ke3 Ke5 49. h4 Kd6 50. Kf4 Kd5 51. h5 Ke6 52. Kg5 gxh5 53.
Re2+ Kf7 54. Kxf5 Rb5+ 55. Re5 Rb6 56. Kg5 Ra6 57. a4 Rb6 58. Rb5 Rg6+ 59. Kxh5
Rf6 60. f4 a6 61. Rb7+ Kg8 62. b4 Rd6 63. f5 Rd3 64. g4 Ra3 65. a5 Rd3 66. Kg5
Rd6 67. Rb6 Rd4 68. Kf6 h6 69. g5 hxg5 70. Kg6 Kf8 71. f6 Rd8 72. Kxg5 Kf7 73.
Rb7+ Ke6 74. Re7+ Kd6 75. Kg6 Rg8+ 76. Kf7 Rg4 77. Re6+ Kd7 78. Rb6 Re4 79.
Rxa6 Rxb4 80. Rb6 Ra4 81. Rb5 Kc6 82. Rg5 Rb4 83. Kg7 Rb7+ 84. f7 Kd6 85. Kg8
1-0

[Event "C.to Provinciale BS"]
[Site "Provaglio d'Iseo ITA"]
[Date "2012.04.06"]
[Round "6"]
[White "Dieli, Alberto"]
[Black "Cattaneo, Ugo"]
[WhiteElo "1947"]
[BlackElo "1827"]
[Result "1-0"]
[PlyCount "149"]
[EventDate "2012.03.02"]

1. e4 e5 2. Nf3 Nc6 3. Bb5 Bc5 4. O-O d6 5. d3 Nf6 6. c3 O-O 7. Bg5 h6 8. Bh4
Bg4 9. Nbd2 g5 10. Bg3 Nh5 11. Kh1 Nf4 12. Bxf4 exf4 13. d4 Bb6 14. Nc4 d5 15.
Bxc6 bxc6 16. exd5 cxd5 17. Nce5 Bh5 18. Qb3 f6 19. Nc6 Qd7 20. Qxd5+ Qxd5 21.
Ne7+ Kg7 22. Nxd5 Rfe8 23. Rfe1 Kf7 24. Nd2 c6 25. Nxb6 axb6 26. a3 Be2 27. f3
f5 28. Kg1 Re3 29. Kf2 Rae8 30. Nf1 Bxf1 31. Kxf1 Ke6 32. Rxe3+ fxe3 33. Ke2 f4
34. Rh1 Kd5 35. Kd3 b5 36. b3 e2 37. Kd2 Ra8 38. Ra1 b4 39. c4+ Kxd4 40. a4 Re8
41. a5 Kc5 42. Ke1 Re3 43. a6 Re8 44. a7 Ra8 45. Kxe2 Kd4 46. Kd2 h5 47. Ra6 g4
48. Ra1 gxf3 49. gxf3 h4 50. h3 Ke5 51. Ra5+ Kd4 52. Ra6 Ke5 53. Rxc6 Rxa7 54.
Rc5+ Ke6 55. Rb5 Ra2+ 56. Kd3 Rh2 57. Ke4 Rxh3 58. Kxf4 Rh1 59. Rxb4 Rg1 60.
Rb6+ Kd7 61. Ke4 Rb1 62. Kf4 Rg1 63. Rh6 Rb1 64. Rxh4 Rxb3 65. Kg3 Rc3 66. Re4
Rc1 67. Kg4 Rg1+ 68. Kf5 Kd6 69. f4 Kc5 70. Kf6 Rg4 71. Ke5 Rg8 72. f5 Re8+ 73.
Kf4 Rf8 74. Kg5 Rg8+ 75. Kf6 1-0

[Event "C.to Provinciale BS"]
[Site "Provaglio d'Iseo ITA"]
[Date "2012.04.06"]
[Round "6"]
[White "Dieli, Riccardo"]
[Black "Barucco, Mattia"]
[WhiteElo "1861"]
[BlackElo "1979"]
[Result "0-1"]
[PlyCount "100"]
[EventDate "2012.03.02"]

1. Nf3 d5 2. c4 c6 3. d4 Nf6 4. Nc3 dxc4 5. e3 b5 6. a4 Qb6 7. axb5 cxb5 8. b3
e6 9. bxc4 Bb4 10. Bd2 bxc4 11. Bxc4 Bxc3 12. Bxc3 O-O 13. O-O Nc6 14. Qa4 Ne4
15. Ba5 Nxa5 16. Qxa5 Bd7 17. Ne5 Qd6 18. f3 Nf6 19. Rfc1 h6 20. Ba6 Nd5 21.
Nc4 Qe7 22. e4 Nf4 23. Ne5 Qg5 24. g3 Bc8 25. Kh1 Nh3 26. Rxc8 Raxc8 27. Bxc8
Rxc8 28. Qxa7 Rc1+ 29. Rxc1 Qxc1+ 30. Kg2 Ng5 31. Qa2 Qc3 32. Qf2 f6 33. Ng4 h5
34. Qe3 Qc2+ 35. Nf2 Kh7 36. h4 Nf7 37. d5 e5 38. Qd3 Qc5 39. Nd1 Nd6 40. Qc3
Qb5 41. Kf2 Qb6+ 42. Qe3 Qc7 43. Qd2 Qc8 44. Qc3 Qa8 45. Qc6 Qa2+ 46. Ke1 Nc4
47. Qb5 Qd2+ 48. Kf1 Qxd1+ 49. Kf2 Qd2+ 50. Kg1 Ne3 0-1

[Event "C.to Provinciale BS"]
[Site "Provaglio d'Iseo ITA"]
[Date "2012.04.06"]
[Round "6"]
[White "Ghidinelli, Giorgio"]
[Black "Schaberg, Wolfgang"]
[WhiteElo "1885"]
[BlackElo "1886"]
[Result "1/2-1/2"]
[PlyCount "33"]
[EventDate "2012.03.02"]

1. d4 Nf6 2. Nf3 g6 3. g3 Bg7 4. Bg2 d5 5. O-O O-O 6. Re1 Nbd7 7. c3 b6 8. Nbd2
Bb7 9. Ne5 Ne4 10. Nxd7 Qxd7 11. f3 Nxd2 12. Bxd2 e5 13. dxe5 Bxe5 14. f4 Bd6
15. Be3 Rfe8 16. Bf2 Qf5 17. Qd3 1/2-1/2

[Event "C.to Provinciale BS"]
[Site "Provaglio d'Iseo ITA"]
[Date "2012.04.06"]
[Round "6"]
[White "Vagliati, Massimo"]
[Black "Frugoni, Giulio"]
[WhiteElo "1732"]
[BlackElo "1641"]
[Result "1-0"]
[PlyCount "97"]
[EventDate "2012.03.02"]

1. d4 Nf6 2. c4 e6 3. Nc3 d5 4. e3 c5 5. Nf3 cxd4 6. exd4 Nc6 7. Bd3 a6 8. a3
Qc7 9. c5 Be7 10. b4 e5 11. dxe5 Nxe5 12. O-O Nxf3+ 13. Qxf3 Be6 14. Bf4 Qd7
15. h3 O-O 16. Be5 d4 17. Ne4 Bd5 18. Bxf6 gxf6 19. Nxf6+ Bxf6 20. Qxf6 Qe6 21.
Qg5+ Kh8 22. Qh4 f5 23. Qxd4+ Kg8 24. Rfe1 Qf7 25. Re3 f4 26. Re5 Rfd8 27. Rg5+
Kf8 28. Rf5 f3 29. Rxf7+ Bxf7 30. Qh8+ Bg8 31. Bxh7 Kf7 32. Bxg8+ Rxg8 33. Qh5+
Rg6 34. Qxf3+ Kg8 35. Re1 Rf8 36. Qd5+ Rf7 37. Re8+ Kg7 38. Qe5+ Rgf6 39. Qg5+
Rg6 40. Rg8+ Kxg8 41. Qxg6+ Rg7 42. Qxg7+ Kxg7 43. g4 Kg6 44. f4 b6 45. c6 a5
46. bxa5 b5 47. c7 Kf7 48. c8=Q b4 49. g5 {...} 1-0

[Event "C.to Provinciale BS"]
[Site "Provaglio d'Iseo ITA"]
[Date "2012.04.13"]
[Round "7"]
[White "Barucco, Mattia"]
[Black "Ghidinelli, Giorgio"]
[WhiteElo "1979"]
[BlackElo "1885"]
[Result "1/2-1/2"]
[PlyCount "77"]
[EventDate "2012.03.02"]

1. e4 e6 2. d4 d5 3. e5 c5 4. c3 Qb6 5. Nf3 cxd4 6. cxd4 Bb4+ 7. Nc3 Bd7 8. Be2
Ne7 9. O-O O-O 10. Bd3 h6 11. a3 Bxc3 12. bxc3 Qd8 13. Re1 Ng6 14. a4 f5 15.
Ba3 Ne7 16. Qb3 Bc6 17. Bd6 Rf7 18. h4 Kh7 19. Qc2 g6 20. g3 Nc8 21. Ba3 Nb6
22. Bc1 N8d7 23. Kg2 Nc4 24. h5 g5 25. g4 Qf8 26. gxf5 Rxf5 27. Bxf5+ Qxf5 28.
Qxf5+ exf5 29. Nd2 Re8 30. Nxc4 dxc4+ 31. Kg3 Nf6 32. f3 Nxh5+ 33. Kf2 Ng7 34.
Ba3 Ne6 35. Bd6 Nf4 36. Rad1 Nd5 37. Rc1 Nf4 38. Rcd1 Nd5 39. Rc1 1/2-1/2

[Event "C.to Provinciale BS"]
[Site "Provaglio d'Iseo ITA"]
[Date "2012.04.13"]
[Round "7"]
[White "Bosio, Devis"]
[Black "Schaberg, Wolfgang"]
[WhiteElo "2066"]
[BlackElo "1886"]
[Result "1/2-1/2"]
[PlyCount "63"]
[EventDate "2012.03.02"]

1. e4 d6 2. d4 Nf6 3. Nc3 g6 4. f4 Bg7 5. Nf3 O-O 6. Bd3 Na6 7. O-O c5 8. d5
Bd7 9. Qe2 Nc7 10. a4 a6 11. a5 Rb8 12. Bd2 e6 13. dxe6 Bxe6 14. Na4 Re8 15.
Bc3 Bd7 16. Rfe1 Bc6 17. e5 Nfd5 18. Bd2 Qd7 19. Nc3 Nxc3 20. Bxc3 d5 21. b3
Qg4 22. Bd2 Ne6 23. Nd4 Qxe2 24. Nxe2 Nc7 25. Ng3 f6 26. Bc3 fxe5 27. Bxe5 Bxe5
28. Rxe5 Rxe5 29. fxe5 Ne6 30. Ne2 Rf8 31. Rf1 Rxf1+ 32. Kxf1 1/2-1/2

[Event "C.to Provinciale BS"]
[Site "Provaglio d'Iseo ITA"]
[Date "2012.04.13"]
[Round "7"]
[White "Cattaneo, Ugo"]
[Black "Onger, Nicola"]
[WhiteElo "1827"]
[BlackElo "1748"]
[Result "0-1"]
[PlyCount "71"]
[EventDate "2012.03.02"]

1. e4 Nf6 2. Nc3 e5 3. Nf3 d6 4. Bc4 Bg4 5. O-O Be7 6. d3 h6 7. h3 Bh5 8. g4
Bg6 9. Ne2 Qd7 10. Nh4 Bh7 11. Nf5 Bxf5 12. exf5 Nc6 13. a3 g5 14. Ng3 d5 15.
Ba2 O-O-O 16. b4 Bd6 17. Bb2 d4 18. b5 Ne7 19. a4 Ned5 20. Ne4 Nxe4 21. dxe4
Nf4 22. Qf3 h5 23. Bc1 hxg4 24. Qxg4 Nxh3+ 25. Kg2 Nf4+ 26. Kg1 Rh4 27. Qxh4
gxh4 28. Kh2 Kb8 29. Bxf4 exf4 30. f3 Rg8 31. Rg1 Rg3 32. Rae1 Be5 33. Rd1 Qe7
34. c3 dxc3 35. Rd5 Rxg1 36. Kxg1 0-1

[Event "C.to Provinciale BS"]
[Site "Provaglio d'Iseo ITA"]
[Date "2012.04.13"]
[Round "7"]
[White "Cristiani, Cesare"]
[Black "Dieli, Alberto"]
[WhiteElo "2121"]
[BlackElo "1947"]
[Result "1-0"]
[PlyCount "113"]
[EventDate "2012.03.02"]

1. c4 g6 2. Nf3 c5 3. d4 cxd4 4. Nxd4 Bg7 5. Nc3 Nf6 6. e4 d6 7. Be2 O-O 8. O-O
Nbd7 9. Be3 Ne5 10. f3 Bd7 11. Qd2 Rc8 12. b3 a6 13. Rac1 h5 14. h3 Re8 15. f4
Nc6 16. f5 Ne5 17. fxg6 fxg6 18. Bg5 Nf7 19. Be3 Qa5 20. Nf3 Bc6 21. Bd3 Nd7
22. Bb1 Nde5 23. Nd4 Bd7 24. Rfd1 b5 25. cxb5 axb5 26. Ncxb5 Rxc1 27. Rxc1 Qb6
28. a4 Bh6 29. Bxh6 Bxb5 30. Be3 Bd7 31. a5 Qa6 32. b4 Nc4 33. Qe2 Nfe5 34. Ba2
Rc8 35. Bf4 Qa7 36. Bxe5 dxe5 37. Rxc4 Rxc4 38. Qxc4+ e6 39. Qc5 Qxc5 40. bxc5
exd4 41. a6 Kf7 42. Kf2 Kf6 43. Bc4 Ke5 44. Bd3 g5 45. Kg3 Bc6 46. h4 g4 47.
Kf2 Kf6 48. Ke2 Ke5 49. g3 Kf6 50. Kd2 Ke5 51. Kc2 Ba8 52. Kb3 Kf6 53. Kb4 Ke7
54. Kb5 Kd7 55. Kb6 Kc8 56. c6 Kb8 57. e5 1-0

[Event "C.to Provinciale BS"]
[Site "Provaglio d'Iseo ITA"]
[Date "2012.04.13"]
[Round "7"]
[White "De Bellis, Aldo"]
[Black "Panada, Valter"]
[WhiteElo "1687"]
[BlackElo "1880"]
[Result "1/2-1/2"]
[PlyCount "65"]
[EventDate "2012.03.02"]

1. e4 e5 2. Nf3 Nc6 3. Bb5 a6 4. Ba4 b5 5. Bb3 Nf6 6. d3 Be7 7. c3 O-O 8. O-O
d5 9. Nbd2 h6 10. Re1 Be6 11. exd5 Nxd5 12. Nxe5 Nxe5 13. Rxe5 Bf6 14. Re1 a5
15. Ne4 Be7 16. d4 a4 17. Bc2 Nf6 18. Nxf6+ Bxf6 19. Qd3 Re8 20. Be3 g6 21. Qd2
h5 22. f4 Qd7 23. Qf2 Bf5 24. Bxf5 Qxf5 25. Qd2 Rad8 26. Bf2 Rxe1+ 27. Rxe1 c5
28. g3 cxd4 29. cxd4 Qd5 30. a3 Bxd4 31. Qxd4 Qxd4 32. Bxd4 Rxd4 33. Re2
1/2-1/2

[Event "C.to Provinciale BS"]
[Site "Provaglio d'Iseo ITA"]
[Date "2012.04.13"]
[Round "7"]
[White "Massetti, Euro"]
[Black "Dieli, Riccardo"]
[WhiteElo "1898"]
[BlackElo "1861"]
[Result "1-0"]
[PlyCount "81"]
[EventDate "2012.03.02"]

1. c4 c5 2. Nc3 Nc6 3. Nf3 g6 4. d4 cxd4 5. Nxd4 Bg7 6. e3 Nf6 7. Be2 O-O 8.
Bf3 Ne5 9. Be2 d6 10. O-O a6 11. h3 Qc7 12. b3 b5 13. f4 b4 14. fxe5 dxe5 15.
Rxf6 exf6 16. Nd5 Qc5 17. Nc6 a5 18. Nce7+ Kh8 19. Nxc8 Raxc8 20. Kh1 f5 21. a3
e4 22. axb4 axb4 23. Ra4 Ra8 24. Rxb4 Qd6 25. Ra4 Qg3 26. Qc2 Be5 27. Nf4 g5
28. Bb2 f6 29. Bxe5 fxe5 30. Nd5 Qe1+ 31. Kh2 Rxa4 32. bxa4 f4 33. Qxe4 Qg3+
34. Kg1 Qe1+ 35. Bf1 Qa1 36. Kh2 fxe3 37. Bd3 Rf7 38. Qxe3 h6 39. a5 Kg8 40.
Qb6 Qd4 41. Qg6+ 1-0